00823 2200265 4500001002100000005001500021035002000036008004100056020002400097041000800121082001500129084001900144100006000163245008800223260003100311300003400342500001900376504001700395650002600412700001900438990002500457990002500482990002500507990002500532INLIS00000000000448820221017101434 a0010-0520004488221017 | | eng  a0 - 415 - 26054 - x aeng a306.091724 a306.091724 ANT0 aAnthopology, Development And Modernities : And Violence1 aAnthopology, Development And Modernities : And Violence /cEdited by Andre Gingrich aLondon :bRoutledge,c2002 axx, 261 hlm. ; 23 cm ;c23 cm aIndeks : Index aBibliography 4a1. Antropologi Sosial0 aRichard G. Fox a01087/MKRI-P/VI-2007 a01668/MKRI-P/II-2005 a01668/MKRI-P/II-2005 a01087/MKRI-P/VI-2007